[Event "6.Torneo de Promoción Almansa 2011"]
[Site "Almansa ESP"]
[Date "2011.08.09"]
[Round "1.1"]
[White "Valmana Canto, Jaime"]
[Black "Barranco Cara, Francisco Javier"]
[Result "0-1"]
[WhiteElo "2338"]
[BlackElo "2120"]
[PlyCount "91"]
[EventDate "2011.08.09"]
[EventType "swiss"]
[EventRounds "9"]
[EventCountry "ESP"]
[Source "lmi"]
[SourceDate "2011.08.09"]

1. e4 c5 2. Ne2 d6 3. g3 Nf6 4. Bg2 Nc6 5. c3 e5 6. d4 Be7 7. O-O O-O 8. h3 Ne8
9. d5 Nb8 10. f4 Nd7 11. Nd2 exf4 12. gxf4 f5 13. exf5 Rxf5 14. Ng3 Rf8 15.
Nde4 Bh4 16. Qd3 Ndf6 17. Ng5 Qb6 18. c4 Bxg3 19. Qxg3 Bf5 20. b3 Nd7 21. Bb2
Nef6 22. Rae1 Rae8 23. Ne6 Rf7 24. Qg5 g6 25. Rf3 Qa5 26. Bc3 Qxa2 27. Rg3 Qc2
28. h4 h5 29. Ba1 Ng4 30. Rxg4 hxg4 31. h5 Qd2 32. Qh4 Rh7 33. Qg3 Rxh5 34. Bc3
Qd3 35. Re3 Qd1+ 36. Re1 Qxb3 37. Bf1 Nf8 38. Nxc5 Qb6 39. Rxe8 Qxc5+ 40. Re3
Be4 41. Kf2 Bf3 42. Bd2 Rh1 43. f5 Qd4 44. Bd3 Rd1 45. Bc3 Qxc3 46. Bc2 0-1

[Event "6.Torneo de Promoción Almansa 2011"]
[Site "Almansa ESP"]
[Date "2011.08.09"]
[Round "1.2"]
[White "Nicolas Zapata, Irene"]
[Black "Castella Garcia, Fausto"]
[Result "1/2-1/2"]
[WhiteElo "2117"]
[BlackElo "2326"]
[PlyCount "73"]
[EventDate "2011.08.09"]
[EventType "swiss"]
[EventRounds "9"]
[EventCountry "ESP"]
[Source "lmi"]
[SourceDate "2011.08.09"]

1. c4 c5 2. Nf3 g6 3. g3 Bg7 4. Bg2 Nc6 5. Nc3 Nf6 6. d4 cxd4 7. Nxd4 O-O 8.
Nc2 d6 9. O-O Qa5 10. Nd5 Nxd5 11. cxd5 Ne5 12. Bd2 Qb6 13. Bc3 Bd7 14. Bd4 Qa6
15. h3 Rac8 16. f4 Nc4 17. Bxg7 Kxg7 18. Qd4+ Kg8 19. e4 Qb6 20. Qxb6 axb6 21.
b3 Nd2 22. Rfc1 Rc3 23. Nd4 Rxg3 24. Ne2 Rd3 25. Rc7 Bxh3 26. Rxe7 Bg4 27. Kf2
Ra8 28. Nc1 Rc3 29. e5 dxe5 30. fxe5 Rac8 31. d6 Rxc1 32. Rxc1 Rxc1 33. d7 Bxd7
34. Rxd7 Rc2 35. Kg1 Rc1+ 36. Kf2 Rc2 37. Kg1 1/2-1/2

[Event "6.Torneo de Promoción Almansa 2011"]
[Site "Almansa ESP"]
[Date "2011.08.09"]
[Round "1.3"]
[White "Kovacevic, Slobodan"]
[Black "Ontanon Gomez, Pablo"]
[Result "1-0"]
[WhiteElo "2325"]
[BlackElo "2104"]
[PlyCount "161"]
[EventDate "2011.08.09"]
[EventType "swiss"]
[EventRounds "9"]
[EventCountry "ESP"]
[Source "lmi"]
[SourceDate "2011.08.09"]

1. d4 Nf6 2. Nf3 c5 3. d5 d6 4. Nc3 g6 5. e4 Bg7 6. Be2 O-O 7. O-O b6 8. a4 a5
9. Re1 e6 10. Bc4 e5 11. Be2 Ne8 12. Bd2 h6 13. g3 Kh7 14. Nh4 Na6 15. Ng2 f5
16. exf5 Bxf5 17. Nh4 Qf6 18. Nxf5 Qxf5 19. Be3 Nb4 20. Rc1 Nc7 21. g4 Qf7 22.
Bc4 Rae8 23. Ne4 Qe7 24. c3 Nba6 25. Qb3 Rb8 26. Rcd1 Qd7 27. Be2 Rb7 28. h3
Qe7 29. Kg2 Bf6 30. Qc2 Nb8 31. Qd2 Bg7 32. h4 Nd7 33. g5 h5 34. Ra1 Ra7 35.
Red1 Raa8 36. Qd3 Kg8 37. Ra2 Rab8 38. Qc2 Ra8 39. Kg1 Rab8 40. Bf1 Rf7 41. Bg2
Nf8 42. Nd2 Qd7 43. Nc4 Ne8 44. Qe4 Kh7 45. Kh2 Qf5 46. Nd2 Qxe4 47. Nxe4 Ra8
48. Bf1 Nd7 49. Bb5 Bf8 50. Kg3 Ra7 51. Ra3 Bg7 52. Bc6 Ra6 53. Kg2 Re7 54. Rb3
Kh8 55. Bb5 Ra7 56. Bxd7 Raxd7 57. Rxb6 Rb7 58. Rxb7 Rxb7 59. Bc1 Kg8 60. Nd2
Kf7 61. Nc4 Ra7 62. Kf3 Ke7 63. Ke4 Bf8 64. Rd3 Ng7 65. Rf3 Nf5 66. Rh3 Kd7 67.
Ne3 Nxe3 68. Rxe3 Bg7 69. Rf3 Ke7 70. Kd3 Rb7 71. Kc4 Rb8 72. Rh3 Bh8 73. Rh2
Bg7 74. f4 exf4 75. Bxf4 Rf8 76. Re2+ Kd7 77. Re4 Rb8 78. Re6 Be5 79. Bxe5 dxe5
80. Rxe5 Rxb2 81. Kxc5 1-0

[Event "6.Torneo de Promoción Almansa 2011"]
[Site "Almansa ESP"]
[Date "2011.08.09"]
[Round "1.4"]
[White "Orosa Martinez, Victor"]
[Black "Chueca Forcen, Alberto"]
[Result "0-1"]
[WhiteElo "2100"]
[BlackElo "2323"]
[PlyCount "48"]
[EventDate "2011.08.09"]
[EventType "swiss"]
[EventRounds "9"]
[EventCountry "ESP"]
[Source "lmi"]
[SourceDate "2011.08.09"]

1. d4 d5 2. c4 dxc4 3. e4 Nf6 4. Nc3 e5 5. d5 c6 6. Bg5 h6 7. Bxf6 Qxf6 8. Bxc4
b5 9. Bb3 b4 10. Nb1 Qg6 11. Qf3 Be7 12. Nd2 O-O 13. Ne2 Bb7 14. Nc4 cxd5 15.
Na5 dxe4 16. Qg3 Qb6 17. Nxb7 Nc6 18. O-O Qxb7 19. Rac1 Bg5 20. Rc2 Nd4 21.
Nxd4 exd4 22. Rc7 Qb6 23. Bd5 Rae8 24. Rc6 Qb5 0-1

[Event "6.Torneo de Promoción Almansa 2011"]
[Site "Almansa ESP"]
[Date "2011.08.09"]
[Round "1.5"]
[White "Aranda Marin, Cristian"]
[Black "Couche, Jean-Francois"]
[Result "1/2-1/2"]
[WhiteElo "2310"]
[BlackElo "2099"]
[PlyCount "50"]
[EventDate "2011.08.09"]
[EventType "swiss"]
[EventRounds "9"]
[EventCountry "ESP"]
[Source "lmi"]
[SourceDate "2011.08.09"]

1. d4 Nf6 2. Bg5 g6 3. Bxf6 exf6 4. e3 Bg7 5. g3 O-O 6. Bg2 d5 7. Nd2 Re8 8.
Ne2 c6 9. O-O Nd7 10. b3 f5 11. c4 Nf6 12. Nf4 Qd6 13. Rc1 Bd7 14. Nd3 Rad8 15.
Qc2 Ne4 16. Rfd1 Bc8 17. cxd5 cxd5 18. Qc7 Bf8 19. Qxd6 Bxd6 20. Nxe4 fxe4 21.
Nf4 Be6 22. Rc3 Kf8 23. Rdc1 Ke7 24. Bf1 g5 25. Nxe6 Kxe6 1/2-1/2

[Event "6.Torneo de Promoción Almansa 2011"]
[Site "Almansa ESP"]
[Date "2011.08.09"]
[Round "1.6"]
[White "Fozzani, Emmanuel"]
[Black "Sanchez Jerez, Emilio Miguel"]
[Result "1/2-1/2"]
[WhiteElo "2095"]
[BlackElo "2276"]
[PlyCount "91"]
[EventDate "2011.08.09"]
[EventType "swiss"]
[EventRounds "9"]
[EventCountry "ESP"]
[Source "lmi"]
[SourceDate "2011.08.09"]

1. Nf3 Nf6 2. g3 g6 3. Bg2 Bg7 4. O-O O-O 5. c4 d6 6. Nc3 Nc6 7. Rb1 a5 8. a3
e5 9. d3 Re8 10. Bg5 h6 11. Bxf6 Bxf6 12. b4 axb4 13. axb4 Bg7 14. b5 Nd4 15.
Nxd4 exd4 16. Nd5 Ra2 17. Re1 Bg4 18. Bf3 Bxf3 19. exf3 Re6 20. Ra1 Rxa1 21.
Qxa1 h5 22. Rxe6 fxe6 23. Nf4 Kf7 24. Qa7 Qc8 25. h4 c5 26. Kg2 Bh6 27. Ne2 Qc7
28. f4 d5 29. cxd5 exd5 30. Nc1 Bg7 31. Nb3 c4 32. dxc4 dxc4 33. Nxd4 Qd7 34.
Nc6 Qd5+ 35. Kf1 Qxb5 36. Qxb7+ Qxb7 37. Nd8+ Ke7 38. Nxb7 c3 39. Nc5 c2 40.
Nd3 Bb2 41. f3 c1=Q+ 42. Nxc1 Bxc1 43. g4 hxg4 44. fxg4 Bxf4 45. g5 Bxg5 46. h5
1/2-1/2

[Event "6.Torneo de Promoción Almansa 2011"]
[Site "Almansa ESP"]
[Date "2011.08.09"]
[Round "1.7"]
[White "Cruz Lledo, Pablo"]
[Black "Mengual Bolo, Carles"]
[Result "1-0"]
[WhiteElo "2269"]
[BlackElo "2094"]
[PlyCount "77"]
[EventDate "2011.08.09"]
[EventType "swiss"]
[EventRounds "9"]
[EventCountry "ESP"]
[Source "lmi"]
[SourceDate "2011.08.09"]

1. d4 d5 2. c4 c6 3. Nf3 Nf6 4. Nc3 g6 5. e3 Bg7 6. Bd3 O-O 7. O-O Bg4 8. h3
Bxf3 9. Qxf3 Qd6 10. Rd1 a6 11. b3 e5 12. cxd5 exd4 13. exd4 Nxd5 14. Nxd5 cxd5
15. Bf4 Qd7 16. Bf1 Nc6 17. Be3 Rfe8 18. Rd2 Re4 19. Qd1 Qd6 20. Be2 Rxe3 21.
fxe3 Bh6 22. Rd3 Re8 23. Bf3 Bxe3+ 24. Kh1 Nb4 25. Rc3 Nc6 26. Qe2 Nxd4 27.
Rxe3 Nxe2 28. Rxe8+ Kg7 29. Rxe2 b6 30. Rd1 d4 31. Red2 Qa3 32. Be4 h5 33. Bb1
g5 34. Rxd4 Qe7 35. Bd3 b5 36. Bf5 Qe5 37. Bc8 Qe2 38. R4d2 Qe4 39. Bxa6 1-0

[Event "6.Torneo de Promoción Almansa 2011"]
[Site "Almansa ESP"]
[Date "2011.08.09"]
[Round "1.8"]
[White "Garcia Munoz, Raul"]
[Black "Carrascoso Morales, Abel"]
[Result "0-1"]
[WhiteElo "2074"]
[BlackElo "2263"]
[PlyCount "61"]
[EventDate "2011.08.09"]
[EventType "swiss"]
[EventRounds "9"]
[EventCountry "ESP"]
[Source "lmi"]
[SourceDate "2011.08.09"]

1. d4 Nf6 2. c4 g6 3. Nc3 Bg7 4. e4 O-O 5. Nf3 d6 6. Be2 Bg4 7. Be3 Nfd7 8. Ng5
Bxe2 9. Qxe2 Nc6 10. Rd1 a6 11. d5 Na5 12. h4 c5 13. h5 h6 14. Ne6 fxe6 15.
dxe6 Nf6 16. hxg6 Qe8 17. Nd5 Nxd5 18. Rxd5 Qxg6 19. Bxh6 Bxh6 20. Rxh6 Qxh6
21. Qg4+ Kh7 22. Rh5 Rf6 23. Qg5 Nc6 24. Rxh6+ Rxh6 25. Qf5+ Kh8 26. f4 Rg8 27.
g4 Nd4 28. Qf7 Rh7 29. g5 Rxf7 30. exf7 Rf8 31. g6 0-1

[Event "6.Torneo de Promoción Almansa 2011"]
[Site "Almansa ESP"]
[Date "2011.08.09"]
[Round "1.9"]
[White "Berrocal, Jorge"]
[Black "Del Valle Domenech, Rafael"]
[Result "1-0"]
[WhiteElo "2261"]
[BlackElo "2070"]
[PlyCount "75"]
[EventDate "2011.08.09"]
[EventType "swiss"]
[EventRounds "9"]
[EventCountry "ESP"]
[Source "lmi"]
[SourceDate "2011.08.09"]

1. e4 Nf6 2. e5 Nd5 3. d4 d6 4. Nf3 g6 5. c4 Nb6 6. exd6 cxd6 7. Nc3 Bg7 8. Be3
O-O 9. Rc1 Nc6 10. b3 e5 11. d5 Ne7 12. c5 dxc5 13. Bxc5 Nbxd5 14. Nxd5 Nxd5
15. Bc4 Qa5+ 16. b4 Nxb4 17. Qd2 Nc6 18. Qxa5 Nxa5 19. Bxf8 Bxf8 20. Bd5 Bb4+
21. Ke2 Nc6 22. Rhd1 Bg4 23. Rc4 Bxf3+ 24. Kxf3 Ba5 25. Bxc6 bxc6 26. Rxc6 Re8
27. Rd7 Bb6 28. Rf6 Rf8 29. Ke4 Kg7 30. Rf3 Bd4 31. g4 g5 32. a4 Kg6 33. a5 h6
34. h3 f6 35. Kd5 Rc8 36. Rf5 Rc2 37. Ke6 Rxf2 38. Rxd4 1-0

[Event "6.Torneo de Promoción Almansa 2011"]
[Site "Almansa ESP"]
[Date "2011.08.09"]
[Round "1.10"]
[White "Mingarro Carceller, Sergi"]
[Black "Alcazar Jimenez, Jesus"]
[Result "1/2-1/2"]
[WhiteElo "2069"]
[BlackElo "2257"]
[PlyCount "87"]
[EventDate "2011.08.09"]
[EventType "swiss"]
[EventRounds "9"]
[EventCountry "ESP"]
[Source "lmi"]
[SourceDate "2011.08.09"]

1. e4 c5 2. Nf3 e6 3. d4 cxd4 4. Nxd4 Nf6 5. Nc3 Nc6 6. Ndb5 Bc5 7. Nd6+ Ke7 8.
Nxc8+ Rxc8 9. Bd3 h5 10. O-O Ng4 11. Bf4 Qb6 12. Qe1 Nce5 13. Na4 Qd6 14. Qe2
f6 15. Nxc5 Rxc5 16. Rad1 g5 17. Bb5 Qb6 18. Bxe5 Nxe5 19. Ba4 Qxb2 20. Bb3 Qc3
21. Rd2 g4 22. f3 gxf3 23. gxf3 Rg8+ 24. Kh1 Ng6 25. f4 Nh4 26. Rd3 Qb4 27.
Rfd1 Rc7 28. a3 Qc5 29. Rg3 Rxg3 30. hxg3 Ng6 31. e5 Qc6+ 32. Kg1 fxe5 33. Qxh5
Qc5+ 34. Kg2 Kf6 35. Qg5+ Kg7 36. f5 exf5 37. Qxf5 Qe7 38. Rf1 d6 39. Qe4 Qg5
40. Qd5 Nh4+ 41. Kh3 Ng6 42. Kg2 Nh4+ 43. Kh3 Ng6 44. Kg2 1/2-1/2

[Event "6.Torneo de Promoción Almansa 2011"]
[Site "Almansa ESP"]
[Date "2011.08.09"]
[Round "1.11"]
[White "Serna Lara, Sergio"]
[Black "Martinez Rubi, Alberto"]
[Result "1-0"]
[WhiteElo "2253"]
[BlackElo "2063"]
[PlyCount "77"]
[EventDate "2011.08.09"]
[EventType "swiss"]
[EventRounds "9"]
[EventCountry "ESP"]
[Source "lmi"]
[SourceDate "2011.08.09"]

1. d4 Nf6 2. c4 e6 3. g3 c5 4. d5 d6 5. Nc3 exd5 6. cxd5 g6 7. Bg2 Bg7 8. Nf3
O-O 9. O-O a6 10. a4 Qe7 11. Nd2 Nbd7 12. h3 h6 13. Nc4 Ne5 14. Na3 Nh7 15. f4
Nd7 16. e4 f5 17. Re1 Qd8 18. Nc4 Nb6 19. Nxb6 Qxb6 20. e5 Re8 21. e6 Qb4 22.
Qc2 Bd4+ 23. Kh2 Kg7 24. a5 Bd7 25. Bd2 Bb5 26. Nxb5 Qxb5 27. Bf1 Qxb2 28. Qxb2
Bxb2 29. Rab1 Bf6 30. Rxb7+ Be7 31. Bc3+ Kg8 32. Bc4 Bf6 33. Bxf6 Nxf6 34. Rb6
Ne4 35. Rxa6 Rxa6 36. Bxa6 Ra8 37. Bd3 Nf6 38. a6 Nxd5 39. a7 1-0

[Event "6.Torneo de Promoción Almansa 2011"]
[Site "Almansa ESP"]
[Date "2011.08.09"]
[Round "1.12"]
[White "Rubio Tent, Francisco"]
[Black "Alcaraz Ortega, Javier"]
[Result "0-1"]
[WhiteElo "2063"]
[BlackElo "2248"]
[PlyCount "60"]
[EventDate "2011.08.09"]
[EventType "swiss"]
[EventRounds "9"]
[EventCountry "ESP"]
[Source "lmi"]
[SourceDate "2011.08.09"]

1. e4 c6 2. d4 d5 3. exd5 cxd5 4. c4 Nf6 5. Nc3 g6 6. Bg5 Nbd7 7. Nf3 Bg7 8.
cxd5 O-O 9. d6 exd6 10. Be2 Qa5 11. O-O h6 12. Bf4 Ne8 13. Qb3 Qf5 14. Nd5 Kh7
15. Bd3 Qh5 16. Rac1 b6 17. Nc7 Nxc7 18. Rxc7 d5 19. Bb5 Nb8 20. Ne5 Be6 21.
Re1 a6 22. Be2 Qf5 23. Qe3 Bxe5 24. Bxe5 Nd7 25. Bd3 Qh5 26. Bd6 Rfe8 27. Qf4
Kg7 28. Rxe6 Rxe6 29. Rxd7 Re1+ 30. Bf1 Rxf1+ 0-1

[Event "6.Torneo de Promoción Almansa 2011"]
[Site "Almansa ESP"]
[Date "2011.08.09"]
[Round "1.13"]
[White "Asensio Linan, Teodoro"]
[Black "Lara Granero, Bio"]
[Result "0-1"]
[WhiteElo "2223"]
[BlackElo "2050"]
[PlyCount "154"]
[EventDate "2011.08.09"]
[EventType "swiss"]
[EventRounds "9"]
[EventCountry "ESP"]
[Source "lmi"]
[SourceDate "2011.08.09"]

1. e4 c5 2. Nc3 Nc6 3. Bb5 g6 4. Bxc6 dxc6 5. d3 Bg7 6. Be3 b6 7. Qd2 Nf6 8. h3
Ba6 9. Nf3 Nd7 10. Bh6 O-O 11. h4 f6 12. Bxg7 Kxg7 13. h5 g5 14. e5 h6 15.
O-O-O Nxe5 16. Nxe5 fxe5 17. Ne4 Rf5 18. f3 Qd5 19. Ng3 Rf4 20. c4 Qe6 21. Rhe1
Rd4 22. Qe3 Rad8 23. Ne2 R4d7 24. b3 Qf6 25. Kc2 Bc8 26. Ng3 Rd4 27. Qxe5 Qxe5
28. Rxe5 Kf6 29. Re3 e5 30. Rde1 Re8 31. Ne4+ Kf7 32. Ng3 Kf6 33. a3 Bf5 34.
Ne2 Rdd8 35. Kc3 a5 36. Ng3 Rd4 37. Nh1 Red8 38. Nf2 Re8 39. g3 Rd7 40. f4 gxf4
41. gxf4 Rde7 42. Ne4+ Bxe4 43. Rxe4 exf4 44. Rxf4+ Kg5 45. Ref1 Re5 46. Rf6
R8e6 47. Rf8 Kxh5 48. Rg8 Rg5 49. Rh1+ Kg4 50. Rb8 h5 51. Rxb6 Kf3 52. Ra6 Kg2
53. Rh4 Kg3 54. Rh1 h4 55. Rxa5 h3 56. Ra8 Kg2 57. Rd1 Rh6 58. Re8 h2 59. Re2+
Kf3 60. Ree1 Rg2 61. Rf1+ Kg3 62. b4 Rf2 63. Rh1 cxb4+ 64. axb4 Kg2 65. Kd4 Rh5
66. Kc3 Rh3 67. b5 c5 68. Kb3 Rff3 69. Ka4 Rxd3 70. Rxd3 Rxd3 71. Rxh2+ Kxh2
72. b6 Kg3 73. Kb5 Kf4 74. b7 Rb3+ 75. Kxc5 Rxb7 76. Kc6 Rf7 77. c5 Ke5 0-1

[Event "6.Torneo de Promoción Almansa 2011"]
[Site "Almansa ESP"]
[Date "2011.08.09"]
[Round "1.15"]
[White "Sabater Sanchez, Asensio"]
[Black "Pia Iglesias, Jose Maria"]
[Result "1-0"]
[WhiteElo "2208"]
[BlackElo "2042"]
[PlyCount "131"]
[EventDate "2011.08.09"]
[EventType "swiss"]
[EventRounds "9"]
[EventCountry "ESP"]
[Source "lmi"]
[SourceDate "2011.08.09"]

1. b3 e5 2. Bb2 Nc6 3. e3 d6 4. g3 Nf6 5. Bg2 Be7 6. Ne2 Bg4 7. h3 Bf5 8. O-O
Qd7 9. Kh2 h5 10. d3 d5 11. f4 exf4 12. Nxf4 O-O-O 13. Nc3 Be6 14. e4 d4 15.
Ncd5 g5 16. Nxf6 Bxf6 17. Nxh5 Be5 18. Bc1 Rdg8 19. Bd2 Bxh3 20. Bxh3 g4 21.
Rf5 gxh3 22. Bf4 Bxf4 23. Nxf4 Rg7 24. Nh5 Rg6 25. Qf3 Qd6 26. Qf4 Qb4 27. Rxf7
Ne5 28. Qxe5 Qd2+ 29. Kxh3 Rxh5+ 30. Qxh5 Rh6 31. g4 Qe3+ 32. Kh4 Qd2 33. Raf1
Qh2+ 34. Kg5 Qd2+ 35. R1f4 Rxh5+ 36. gxh5 Qg2+ 37. Rg4 Qxc2 38. h6 Qc5+ 39. Kh4
b6 40. Rg8+ Kb7 41. Rgg7 Qd6 42. Rxc7+ Ka6 43. Rxa7+ Kb5 44. Rg5+ Kb4 45. Ra4+
Kc3 46. Rc4+ Kd2 47. Kh5 Qh2+ 48. Kg6 Qd6+ 49. Kh7 Qf6 50. Rg6 Qf7+ 51. Rg7 Qf6
52. Rd7 Kxd3 53. Rcxd4+ Ke3 54. a4 Kf3 55. b4 Qf8 56. a5 bxa5 57. bxa5 Qa8 58.
Kg7 Qxa5 59. Rd3+ Kf4 60. R3d5 Qa1+ 61. e5 Qg1+ 62. Kf8 Qg6 63. h7 Qh6+ 64. Rg7
Kf5 65. Rd6 Qc1 66. Rf7+ 1-0

[Event "6.Torneo de Promoción Almansa 2011"]
[Site "Almansa ESP"]
[Date "2011.08.09"]
[Round "1.16"]
[White "Plaza Agudo, Juan Francisco"]
[Black "Laliena Solanes, Luis"]
[Result "1/2-1/2"]
[WhiteElo "2035"]
[BlackElo "2197"]
[PlyCount "93"]
[EventDate "2011.08.09"]
[EventType "swiss"]
[EventRounds "9"]
[EventCountry "ESP"]
[Source "lmi"]
[SourceDate "2011.08.09"]

1. e4 c6 2. d4 d5 3. Nd2 a6 4. Ngf3 Bg4 5. c3 e6 6. Bd3 Nf6 7. e5 Nfd7 8. O-O
c5 9. Re1 Nc6 10. Be2 cxd4 11. cxd4 Qb6 12. Nb3 Bb4 13. Rf1 O-O 14. Be3 f6 15.
exf6 Nxf6 16. Nh4 Bxe2 17. Qxe2 Bd6 18. Nf3 Qc7 19. h3 Rae8 20. Rac1 Ne4 21.
Nbd2 Nxd2 22. Nxd2 e5 23. dxe5 Bxe5 24. Nb3 Qf7 25. Qd3 Bxb2 26. Rb1 d4 27.
Rxb2 dxe3 28. fxe3 Qxf1+ 29. Qxf1 Rxf1+ 30. Kxf1 Rxe3 31. Nc5 Na5 32. Nxb7 Nxb7
33. Rxb7 Ra3 34. Rb2 Kf7 35. Re2 Kf6 36. Kf2 Kf5 37. g3 h5 38. Kg2 g5 39. Kf2
g4 40. hxg4+ hxg4 41. Kg2 Ra4 42. Kf2 a5 43. Kg2 Re4 44. Rc2 a4 45. Kf2 Rb4 46.
Ke3 Re4+ 47. Kd3 1/2-1/2

[Event "6.Torneo de Promoción Almansa 2011"]
[Site "Almansa ESP"]
[Date "2011.08.09"]
[Round "1.17"]
[White "Diez Fraile, David"]
[Black "Arnedo Ruiz, Alberto"]
[Result "1/2-1/2"]
[WhiteElo "2196"]
[BlackElo "2029"]
[PlyCount "80"]
[EventDate "2011.08.09"]
[EventType "swiss"]
[EventRounds "9"]
[EventCountry "ESP"]
[Source "lmi"]
[SourceDate "2011.08.09"]

1. e4 c6 2. d4 d5 3. e5 c5 4. dxc5 e6 5. Be3 Nh6 6. c3 Nf5 7. Bd4 Nxd4 8. cxd4
b6 9. Bb5+ Bd7 10. Bxd7+ Nxd7 11. c6 Nb8 12. Nf3 Nxc6 13. O-O Be7 14. Nc3 O-O
15. Ne2 Qd7 16. Qd3 Nb4 17. Qb3 a5 18. Rfc1 Rfc8 19. Rxc8+ Qxc8 20. a3 Nc6 21.
Rc1 Qb7 22. Qb5 Na7 23. Qa4 Qa6 24. Nf4 Rc8 25. Rxc8+ Qxc8 26. g3 Qc6 27. Qxc6
Nxc6 28. h4 Kf8 29. Kf1 Ke8 30. Ke2 h6 31. Kd3 Kd7 32. Ne2 Nb8 33. Nc3 Kc6 34.
a4 Na6 35. Nb5 Nb4+ 36. Ke2 Kd7 37. Ne1 Ke8 38. f4 g6 39. Nd3 Nxd3 40. Kxd3 h5
1/2-1/2

[Event "6.Torneo de Promoción Almansa 2011"]
[Site "Almansa ESP"]
[Date "2011.08.09"]
[Round "1.18"]
[White "Sos Andreu, Erik"]
[Black "Pena Riasco, Alexander"]
[Result "1/2-1/2"]
[WhiteElo "2025"]
[BlackElo "2193"]
[PlyCount "81"]
[EventDate "2011.08.09"]
[EventType "swiss"]
[EventRounds "9"]
[EventCountry "ESP"]
[Source "lmi"]
[SourceDate "2011.08.09"]

1. d4 d5 2. c4 c6 3. Nf3 Nf6 4. e3 Bf5 5. cxd5 cxd5 6. Qb3 Bc8 7. Bb5+ Nbd7 8.
Nc3 e6 9. a4 Bd6 10. O-O O-O 11. Bd3 Re8 12. Rd1 Nf8 13. e4 dxe4 14. Nxe4 Nxe4
15. Bxe4 h6 16. Ne5 Qh4 17. Qf3 Re7 18. g3 Qh3 19. Nc4 Bc7 20. Bf4 e5 21. Nxe5
Bxe5 22. dxe5 Bg4 23. Qa3 Rae8 24. Bg2 Qh5 25. f3 Bd7 26. Be3 Rxe5 27. Bxa7 Ra5
28. Bf2 Rxa4 29. Qb3 Rxa1 30. Rxa1 Bc6 31. Qc3 Ne6 32. Re1 Rd8 33. Bb6 Ra8 34.
f4 Bxg2 35. Kxg2 Qb5 36. Bf2 Qd5+ 37. Qf3 Qb5 38. Qe2 Qb3 39. Rd1 Rc8 40. Rd7
Rc2 41. Rd2 1/2-1/2

[Event "6.Torneo de Promoción Almansa 2011"]
[Site "Almansa ESP"]
[Date "2011.08.09"]
[Round "1.19"]
[White "Jordan Martinez, Miguel"]
[Black "Moreno Ibanez, Miguel"]
[Result "1-0"]
[WhiteElo "2189"]
[BlackElo "2022"]
[PlyCount "129"]
[EventDate "2011.08.09"]
[EventType "swiss"]
[EventRounds "9"]
[EventCountry "ESP"]
[Source "lmi"]
[SourceDate "2011.08.09"]

1. e4 c5 2. Nf3 Nc6 3. c3 e6 4. d4 d5 5. exd5 exd5 6. Be2 Nf6 7. O-O Bd6 8.
dxc5 Bxc5 9. Nbd2 h6 10. Nb3 Bb6 11. Bf4 O-O 12. Nfd4 Re8 13. Bf3 Ne4 14. Re1
Qf6 15. Be3 Ne5 16. a4 Nc4 17. Qc2 Bd7 18. Bxe4 Rxe4 19. Nd2 Nxd2 20. Qxd2 Rae8
21. a5 Bc7 22. Ne2 Qd6 23. Ng3 h5 24. f3 Rxe3 25. Rxe3 Qc5 26. Rae1 Bf4 27. Kf2
h4 28. Nh5 Bxe3+ 29. Rxe3 Rxe3 30. Qxe3 Qxa5 31. Qd4 Qb6 32. Qxb6 axb6 33. Ke3
f6 34. Kd4 Kf7 35. Nf4 Bc6 36. Nxd5 Ke6 37. Nf4+ Kf5 38. Ke3 g5 39. Ne2 Ke5 40.
b3 Bd5 41. c4 Bc6 42. g3 hxg3 43. hxg3 b5 44. f4+ gxf4+ 45. gxf4+ Kd6 46. Kd4
bxc4 47. bxc4 Ke6 48. Ng3 Bf3 49. Kc5 Bc6 50. Ne2 Be4 51. Nd4+ Kd7 52. Nb5 Bc6
53. Kb6 Be4 54. c5 Bc6 55. Nd6 Bg2 56. Nxb7 Ke6 57. Nd6 Bh1 58. Kc7 Kd5 59. c6
Kc5 60. Nb7+ Kd4 61. Nd8 Ke3 62. Ne6 Ke4 63. Kd7 Kf5 64. c7 Bd5 65. Nc5 1-0

[Event "6.Torneo de Promoción Almansa 2011"]
[Site "Almansa ESP"]
[Date "2011.08.09"]
[Round "1.20"]
[White "Sacristan Latorre, Alberto"]
[Black "Martinez Lopez, David"]
[Result "0-1"]
[WhiteElo "2020"]
[BlackElo "2183"]
[PlyCount "78"]
[EventDate "2011.08.09"]
[EventType "swiss"]
[EventRounds "9"]
[EventCountry "ESP"]
[Source "lmi"]
[SourceDate "2011.08.09"]

1. e4 e6 2. d4 d5 3. Nc3 Nf6 4. Bg5 Bb4 5. e5 h6 6. Bd2 Bxc3 7. bxc3 Ne4 8. Qg4
Kf8 9. Bd3 Nxd2 10. Kxd2 c5 11. Nf3 c4 12. Be2 Nc6 13. Qf4 b5 14. a3 a5 15.
Rhb1 Rb8 16. h4 Bd7 17. g4 Kg8 18. g5 Ne7 19. gxh6 Rxh6 20. Ng5 f6 21. exf6
Rxf6 22. Qg3 Nf5 23. Qg4 Qe7 24. Nf3 Nd6 25. Ne5 Ne4+ 26. Ke3 Nxc3 27. Rg1 Be8
28. h5 Ne4 29. Bf3 Nd6 30. Ng6 Bxg6 31. hxg6 Nf5+ 32. Kd2 Nh6 33. Qg5 Rbf8 34.
Rh1 Qd6 35. Be2 Rxf2 36. Rh4 b4 37. Rah1 bxa3 38. Rxh6 gxh6 39. Qxh6 Qf4+ 0-1

[Event "6.Torneo de Promoción Almansa 2011"]
[Site "Almansa ESP"]
[Date "2011.08.09"]
[Round "1.21"]
[White "Gil Quilez, David"]
[Black "Garcia Roman, Jose Luis Machado"]
[Result "1/2-1/2"]
[WhiteElo "2182"]
[BlackElo "2016"]
[PlyCount "112"]
[EventDate "2011.08.09"]
[EventType "swiss"]
[EventRounds "9"]
[EventCountry "ESP"]
[Source "lmi"]
[SourceDate "2011.08.09"]

1. e4 c5 2. Nf3 Nc6 3. Nc3 e5 4. Bb5 d6 5. Nd5 a6 6. Bxc6+ bxc6 7. Ne3 Nf6 8.
d3 g6 9. c3 Bg7 10. Qa4 Bd7 11. Nc4 Qc7 12. Qa5 Qxa5 13. Nxa5 Ke7 14. Bg5 h6
15. Bxf6+ Bxf6 16. O-O-O Rhc8 17. Nc4 Rab8 18. Ne3 Be6 19. c4 Rc7 20. Rd2 Rcb7
21. g4 Bg5 22. Nxg5 hxg5 23. h4 Rh8 24. h5 Rbb8 25. f3 Rh6 26. Rdh2 Rbh8 27.
Kc2 f6 28. Nf1 gxh5 29. Rxh5 Rxh5 30. Rxh5 Rxh5 31. gxh5 d5 32. Ne3 dxe4 33.
dxe4 Kf8 34. Kd3 Kg7 35. Nd1 g4 36. fxg4 Bxg4 37. Nc3 Kh6 38. Na4 Kxh5 39. Nxc5
Bc8 40. a4 Kg4 41. Ke3 f5 42. Nd3 fxe4 43. Nxe5+ Kf5 44. Nxc6 Bb7 45. Nd4+ Ke5
46. Nb3 Bc6 47. Nc5 a5 48. b3 Kf5 49. Na6 Ke5 50. Nc7 Kd6 51. Nb5+ Kc5 52. Na7
Bb7 53. Nb5 Kb4 54. Nd4 Kc5 55. Nc2 Bc6 56. Kd2 Bxa4 1/2-1/2

[Event "6.Torneo de Promoción Almansa 2011"]
[Site "Almansa ESP"]
[Date "2011.08.09"]
[Round "1.22"]
[White "Del Valle Millan, David"]
[Black "Navarrete Espi, Samuel"]
[Result "0-1"]
[WhiteElo "2015"]
[BlackElo "2169"]
[PlyCount "88"]
[EventDate "2011.08.09"]
[EventType "swiss"]
[EventRounds "9"]
[EventCountry "ESP"]
[Source "lmi"]
[SourceDate "2011.08.09"]

1. e4 e5 2. Nf3 Nc6 3. Bc4 Bc5 4. d3 a6 5. Nc3 d6 6. Be3 Nf6 7. Bxc5 dxc5 8. h3
Qd6 9. O-O Bd7 10. a3 O-O-O 11. Ng5 Be8 12. Nxf7 Bxf7 13. Bxf7 Rdf8 14. Ba2 h5
15. Nd5 g5 16. c3 g4 17. Nxf6 Qxf6 18. hxg4 hxg4 19. Qxg4+ Kb8 20. f3 Rh4 21.
Qg3 Qh6 22. Rae1 Rf6 23. Qg8+ Ka7 24. Bf7 Qf4 25. g3 Rh1+ 26. Kxh1 Rh6+ 27. Kg2
Qd2+ 28. Rf2 Qxe1 29. Rf1 Qd2+ 30. Rf2 Qc1 31. Rf1 Qxb2+ 32. Rf2 Qc1 33. Rf1
Qxc3 34. Qg5 Qc2+ 35. Rf2 Rh2+ 36. Kxh2 Qxf2+ 37. Kh3 Qxf3 38. Bc4 Kb6 39. Qc1
Nd4 40. a4 Ka7 41. a5 Ne2 42. Qg5 Nf4+ 43. Kh4 Ng2+ 44. Kh3 Ne3 0-1